000 01013cab a2200289 4500
001 ABS53672
008 090401t1995 xxu||||| |||| 00| 0 eng d
035 _a(Sirsi) u5795
041 _aeng
100 _aCarty, P.
245 _aTaking the waters
260 _c1995
350 _a0
490 _aSolicitors` Journal
_v139(37) 29 September 1995, 946-947(2)
520 _aDiscusses the law governing water abstraction, which includes the doing of anything whereby water contained in a source of supply is removed from the source of supply, whether temporarily or permanently, including where it is transfered to another source of supply.
650 _aBRITISH WATERWAYS BOARD V ANGLIAN WATER AUTHORITY
650 _aNATIONAL RIVERS AUTHORITY
650 _aOVER-ABSTRACTION
650 _aRIPARIAN OWNERSHIP
650 _aSOURCE OF SUPPLY
650 _aWATER ABSTRACTION
650 _aWATER RESOURCES ACT 1991
650 _aWATER RIGHTS
690 _aWATER
942 _n0
948 _c04/03/1997
999 _c3459
_d3459